Código Tributario
Shranjeno v:
| Format: | Knjiga |
|---|---|
| Jezik: | španščina |
| Izdano: |
Santiago
Jurídica de Chile
1988
|
| Izdaja: | 9a. ed |
| Teme: | |
| Oznake: |
Označite
Brez oznak, prvi označite!
|
MARC
| LEADER | 00000nam a2200000 a 4500 | ||
|---|---|---|---|
| 001 | UCQ6068 | ||
| 003 | CL-VaPUC | ||
| 008 | 981009e19880000CL |||||||||||||||||spa|d | ||
| 082 | 0 | 4 | |a 343.8304 |b COD |2 21 |
| 245 | 1 | 0 | |a Código Tributario |
| 250 | |a 9a. ed | ||
| 300 | |a 172 p | ||
| 942 | |c BK | ||
| 945 | |d 19981009 00:00:00 |a lriquelm | ||
| 260 | |a Santiago |b Jurídica de Chile |c 1988 | ||
| 650 | 7 | |a DERECHO |2 CL-VaPUC |9 420017 | |
| 650 | 0 | |a Código tributario |9 350428 | |
| 651 | 7 | |a CHILE |2 CL-VaPUC |9 420018 | |
| 583 | |a last modification |c 19981009 00:00:00 |k Rodrigo Vera | ||
| 999 | |c 276071 |d 276069 | ||
| 952 | |0 0 |1 0 |4 0 |6 343_830400000000000_COD_1988 |7 0 |8 A |9 313194 |a BIBGIM |b BIBGIM |d 2019-11-20 |i 1474642 |o 343.8304 COD 1988 |p 1474642 |r 2025-01-15 |w 2019-11-20 |y BK |k COM | ||